Sure Thing - Miguel - Statistics

General Stats
  • This quiz has been taken 93 times
  • The average score is 493 of 645
Answer Stats
% Correct
you
98%
You
98%
you,
98%
(you
98%
(You
98%
a
97%
I
97%
be
95%
the
94%
The
94%
bet
92%
and
90%
And
90%
Love
89%
love
89%
could
87%
Even
87%
got
87%
do
85%
baby,
84%
baby
84%
boom
84%
falling
84%
We
84%
when
84%
cash
82%
cigarette
82%
If
82%
I'll
82%
like
82%
sure
82%
that,
82%
that
82%
that?
82%
that)
82%
thing
82%
thing)
82%
your
82%
I'm
81%
it,
81%
it
81%
never
81%
Oh,
81%
oh,
81%
oh
81%
(oh,
81%
oh)
81%
shine
81%
sky
81%
smoker
81%
sun
81%
can
79%
don't
79%
fuse,
79%
match
79%
'Cause
77%
'cause
77%
friend
77%
in
77%
joker
77%
lover
77%
lover,
77%
muse
77%
will
76%
you're
76%
band
74%
mine
74%
reporter,
74%
brother
73%
faith
73%
hand
73%
is
73%
little
73%
news
73%
Painter,
73%
put
73%
rubber
73%
this
73%
This
73%
Treat
73%
pretty
71%
raise
71%
comes
69%
gotta
69%
So
69%
sweat
68%
or
66%
Respect
66%
to
66%
(yeah,
66%
yeah,
66%
yeah)
66%
(yeah)
66%
yeah
66%
Yeah,
66%
it's
65%
(it's
65%
It's
65%
die
63%
babe
60%
babe,
60%
Fire
60%
are
58%
blackboard
58%
talk
58%
Talk
58%
simple
56%
chalk
53%
down
53%
Down
53%
walk,
53%
one
50%
up
50%
lighter,
47%
plain
47%
we're
47%
We're
47%
off,
45%
blunt
44%
sinner
44%
me,
42%
me
42%
Paper,
39%
wire,
39%
Checked
37%
ten
37%
as
35%
lyric,
35%
not
35%
Say
35%
what
35%
deserve
34%
my
34%
pen
34%
Saint
34%
fighter,
32%
such
32%
with
31%
record
29%
winner
29%
did
26%
Let
24%
note
24%
prize
24%
pretend
23%
quote,
23%
rock
23%
Writer,
23%
Real
21%
arms
19%
pie,
19%
hold
18%
between
16%
now
16%
(uh),
15%
(uh)
15%
Uh,
15%
No matching quizzes found
Score Distribution
Percent of People with Each Score
Percentile by Number Answered
Your Score History
You have not taken this quiz